Bharat Buranji (Record no. 4881)
[ view plain ]
| 000 -LEADER | |
|---|---|
| fixed length control field | 00474cam a2200193ua 4500 |
| 008 - FIXED-LENGTH DATA ELEMENTS--GENERAL INFORMATION | |
| fixed length control field | 131009n ii |||gr||||Z||||||asm |
| 020 ## - INTERNATIONAL STANDARD BOOK NUMBER | |
| International Standard Book Number | 81-7339-179-3 |
| 040 ## - CATALOGING SOURCE | |
| Transcribing agency | MAIN |
| 082 ## - DEWEY DECIMAL CLASSIFICATION NUMBER | |
| Classification number | 954 |
| 245 ## - TITLE STATEMENT | |
| Title | Bharat Buranji |
| Statement of responsibility, etc. | By Prafulla Kumar Barua |
| 250 ## - EDITION STATEMENT | |
| Edition statement | 4rth ed. |
| 260 ## - PUBLICATION, DISTRIBUTION, ETC. | |
| Place of publication, distribution, etc. | Guwahati: |
| Name of publisher, distributor, etc. | Banalata, |
| Date of publication, distribution, etc. | 1997. |
| Place of publication, distribution, etc. | Dibrugarh: |
| 300 ## - PHYSICAL DESCRIPTION | |
| Extent | x,344p. |
| 700 ## - ADDED ENTRY--PERSONAL NAME | |
| Personal name | Barua,Prafulla Kumar, |
| Relator term | |
| 942 ## - ADDED ENTRY ELEMENTS (KOHA) | |
| Koha item type | Books |
| 653 ## - INDEX TERM--UNCONTROLLED | |
| Uncontrolled term | History |
| 653 ## - INDEX TERM--UNCONTROLLED | |
| Uncontrolled term | Bharat Buranji |
| Withdrawn status | Lost status | Damaged status | Not for loan | Home library | Current library | Shelving location | Date acquired | Total Checkouts | Full call number | Barcode | Date last seen | Date last checked out | Copy number | Price effective from | Koha item type |
|---|---|---|---|---|---|---|---|---|---|---|---|---|---|---|---|
| Naharkatiya College Library | Naharkatiya College Library | General Stacks | 19/09/2020 | 1 | 954 | BAU | 3817 | 25/07/2022 | 18/07/2022 | 2 | 19/09/2020 | Books | ||||
| Naharkatiya College Library | Naharkatiya College Library | General Stacks | 19/09/2020 | 954 | BAU | 3844 | 01/08/2022 | 1 | 19/09/2020 | Books |
